| 000 | 01094nas a2200337 4500 | ||
|---|---|---|---|
| 001 | BR2018000211 | ||
| 003 | BR-BrBNA | ||
| 005 | 20231205131220.0 | ||
| 007 | ta | ||
| 008 | 230509b bl.|||p| |||| 00| 00por d | ||
| 040 |
_aBR-BrBNA _bpor _cBiblioteca Nacional de Agricultura |
||
| 041 | _a(En) | ||
| 072 | _aF40; F50 | ||
| 100 | 1 | _aSchwerz, F. | |
| 100 | 1 | _aCaron, B.O. | |
| 100 | 1 | _aElli, E.F. | |
| 100 | 1 | _aSouza, V.Q. de | |
| 100 | 1 | _aOliveira, D.M. de | |
| 100 | 1 | _aRockenbach, A.P. | |
| 245 | 1 | _aSoybean morphological and productive characteristics influenced by meteorological parameters and sowing dates | |
| 650 | _aSOJA | ||
| 650 | _aÉPOCA DE SEMEADURA | ||
| 650 | _aCONDIÇÃO AMBIENTAL | ||
| 650 | _aTEMPERATURA | ||
| 650 | _aRADIAÇÃO SOLAR | ||
| 650 | _aMORFOLOGIA VEGETAL | ||
| 773 | 0 |
_tCientífica. Revista de Ciências Agrárias (Brazil) _xISSN 1984-5529 _g(2016), v. 44(2) p. 121-130 _wBR2018000211 |
|
| 856 | 4 | 0 | _uhttp://cientifica.org.br/index.php/cientifica/article/view/896/483 |
| 909 |
_a202311 _bLúcia _c55 _dLúcia Elande |
||
| 942 |
_2AGRIS _n0 _cANA |
||
| 999 |
_c253611 _d253611 |
||